000 00636nam a22002177a 4500
003 UA-OsUOA
001 75641
007 ta
008 20110527b un ||||| |||| 00| 0 ukr d
100 _aЛаврушин О.
090 _a330(477)
_bЛ13
942 _cSA
040 _aUA-OsUOA
_bukr
_cUA-OsUOA
_dUA-OsUOA
245 _aПохідні фінансові інструменти та операції з ними
300 _aС.14-17
955 _a0
041 _aukr
080 _a330(477)
773 0 _w75637
_tФінансовий ринок України
_dК.
_d2011
_g4
650 7 _a330 Економіка взагалі
_2UDC
999 _c361940
_d361940